000 00553nam a2200193Ia 4500
003 GCL
008 140319s9999 xx 000 0 ara d
040 _aGCL /
_cGCL
082 0 4 _a414
_bع ف
100 1 _aعاشق حسين
245 1 0 _aالفوائد الغياثية فى علوم البلاغة /
_cعاشق حسين
260 _a[S.N] :
_bدار الكتاب المصرى ،
_c1990
300 _a199 ص
490 _a
650 0 4 _aالبلاغة العربية
650 0 4 _aالمعانى
650 0 4 _aالقصاصة
942 _2ddc
_cBK
999 _c47202
_d47202